| 000 | 00681nam a2200217 i 4500 | ||
|---|---|---|---|
| 001 | 62600 | ||
| 003 | ES-MaACL | ||
| 005 | 20250818131134.0 | ||
| 007 | t| | ||
| 008 | 031124s1969 sp f |||| | spa d | ||
| 080 | _a860-311.6"18" | ||
| 080 | _a946"1556/98"(0:860-3) | ||
| 100 | 1 |
_aFernández y González, Manuel, _d1821-1888 _950183 |
|
| 245 | 1 | 0 |
_aMartín Gil / _cManuel Fernández y González. |
| 260 |
_a[Madrid] : _bCírculo de Amigos de la Historia, _c[1969] |
||
| 300 |
_a292 p. 8 lám. ; _c18 cm. |
||
| 651 | 4 |
_aEspaña- _xHistoria- _y1556-1598, Felipe II- _vNovelas. _9155221 |
|
| 700 | 2 |
_a _9241847 |
|
| 852 |
_aES-MaACL _jC-40653 |
||
| 999 |
_c62600 _d62600 |
||